000 00753nam a2200289Ia 4500
005 20260324111548.0
008 008 260324s9999 xx 000 0 eng d
020 _a9781003533894
037 _aEBOOK
040 _aCRL
040 _beng
040 _cCRL
041 _2eng
041 _aeng
084 _qCRL
100 _aPhilip Backlund; Steven Beebe; Ronald Gordon; Sherwyn Morreale
_91139078
245 0 _aCommunication Wisdom
245 0 _bInsights on Communication Principles, Messages, and Relationships
260 _bTaylor and Francis
260 _c2025
365 _a
365 _b230
856 _uhttp://www.taylorfrancis.com/books/9781003533894
942 _cEBOOK
999 _c1727946
_d1727946